000 00866nam a2200217 a 4500
001 000031589
005 20240315194505.0
008 110627s1981 dr 000 0 spa d
040 _aDO-SdBNP
_bspa
_cBNPHU
041 0 7 _aeng
082 _a338.97293
_bD473i
100 1 _aDespradel, Carlos
_d1942-
_99280
245 1 4 _aThe international situation :
_ba challenge to the Dominican Republic´s economy /
_cspeech delivered by Carlos Despradel.
260 _aSanto Domingo :
_bAmerican Chamber of Commerce of the Dominican Republic,
_c1981.
300 _a41 p. ;
_c21 cm.
546 _aInglés
590 _aInventariado, 2018/BT
651 4 _aRepública Dominicana
_xCondiciones Económicas
_xEnsayos, Conferencias, Etc.
_92598
651 4 _aRepública Dominicana
_xPolítica Económica
_xEnsayos, Conferencias, Etc.
_91168
910 _aValidado. Control de calidad. EMS
999 _c31081
_d31081